Grupy - siódemki #1 - Statystyki

Ogólne statystyki
  • Ten quiz został rozwiązany 18 razy
  • Średni wynik to 32 z 56
Statystyki odpowiedzi
Grupa Odpowiedź % Poprawnych
Państwa kończące się na "stan" Tadżykistan
100%
Europejskie stolice na litere B Bruksela
94%
Europejskie stolice na litere B Bukareszt
94%
Państwa kończące się na "stan" Kirgistan
94%
Państwa kończące się na "stan" Pakistan
94%
Państwa kończące się na "stan" Afganistan
89%
Europejskie stolice na litere B Berlin
89%
Książki z Harry Potterem Czara Ognia
89%
Państwa kończące się na "stan" Turkmenistan
89%
Państwa kończące się na "stan" Uzbekistan
89%
Europejskie stolice na litere B Budapeszt
83%
Państwa grupy G-7 Francja
83%
Państwa grupy G-7 Niemcy
83%
Największe gatunki kota Tygrys
83%
Europejskie stolice na litere B Bratysława
78%
Państwa grupy G-7 Kanada
78%
Państwa kończące się na "stan" Kazachstan
78%
Grzechy główne Pycha
78%
Państwa grupy G-7 Stany Zjednoczone
78%
Książki z Harry Potterem Kamień Filozoficzny
72%
Największe gatunki kota Lew
72%
Państwa grupy G-7 Wielka Brytania
72%
Państwa grupy G-7 Włochy
72%
Europejskie stolice na litere B Berno
67%
Największe gatunki kota Gepard
67%
Grzechy główne Zazdrość
67%
Europejskie stolice na litere B Belgrad
61%
Książki z Harry Potterem Książę Półkrwi
61%
Największe gatunki kota Lampart
61%
Największe gatunki kota Puma
61%
Największe gatunki kota Jaguar
56%
Książki z Harry Potterem Komnata Tajemnic
56%
Grzechy główne Nieumiarkowanie w jedzeniu i piciu
56%
Książki z Harry Potterem Więzień Azkabanu
56%
Państwa grupy G-7 Japonia
50%
Książki z Harry Potterem Insygnia Śmierci
44%
Największe księżyce w Układzie Słonecznym Księżyc
44%
Grzechy główne Lenistwo
44%
Książki z Harry Potterem Zakon Feniksa
44%
Krasnoludki Królewny Śnieżki Apsik
33%
Grzechy główne Chciwość
33%
Największe księżyce w Układzie Słonecznym Europa
33%
Największe księżyce w Układzie Słonecznym Ganimedes
33%
Największe księżyce w Układzie Słonecznym Tytan
33%
Grzechy główne Nieczystość
28%
Krasnoludki Królewny Śnieżki Gapcio
22%
Grzechy główne Gniew
22%
Największe księżyce w Układzie Słonecznym Io
22%
Największe księżyce w Układzie Słonecznym Kalisto
17%
Krasnoludki Królewny Śnieżki Śpioszek
17%
Największe księżyce w Układzie Słonecznym Tryton
17%
Krasnoludki Królewny Śnieżki Gburek
6%
Krasnoludki Królewny Śnieżki Mędrek
6%
Krasnoludki Królewny Śnieżki Nieśmiałek
6%
Krasnoludki Królewny Śnieżki Wesołek
6%
Największe gatunki kota Lampart śnieżny
0%
Nie znaleziono quizów pasujących do podanych kryteriów
Rozkład punktacji
Procent ludzi z każdym wynikiem
Percentyl według liczby udzielonych odpowiedzi
Twoja historia wyników
Nie rozwiązałeś tego quizu